| 000 | 01215nam a2200205Ia 4500 | ||
|---|---|---|---|
| 003 | Ost | ||
| 005 | 20260507075114.0 | ||
| 008 | 260507s9999||||xx |||||||||||||| ||und|| | ||
| 040 | _cfsecg | ||
| 041 | _aara | ||
| 082 | _a600 | ||
| 100 |
_aحنفي، عبد الغفار _eمؤلف |
||
| 245 | 0 |
_aالإدارة المالية : _bمدخل اتخاذ القرارات / _c عبد الغفار حنفي |
|
| 260 |
_aالاسكندرية: _bدار الجامعة الجديدة, _c2002 |
||
| 300 |
_a439 صفحة؛ _bإيضاحات ؛ _c24 سم |
||
| 504 | _aببليوغرافيا:431-436 | ||
| 520 | _aالتحليل المالي واتخاذ القرارات،التحليل المالي،التخطيط المالي والرقابة،الاستثمارات الرأسمالية،الاتفاق الرأسمالي -مفهومه وخصائصه،أساليب تقييم الاقتراحات الاستثمارية في ظروف الثبات والتأكد،المفاضلة بين الاقتراحات الاستثمارية في ظروف التغير و عدم التأكد،تكلفة الأموال وإتخاذ قرارات الاستثمار | ||
| 653 | _aالادارة المالية | ||
| 942 | _cكتاب | ||
| 999 |
_c42976 _d42976 |
||